000 00888nam a2200181Ia 4500
008 100920s9999 xx 000 0 und d
082 _b61021
_a61 थ 84
100 _aताराचन्द.
245 _aभारतीय स्वतन्त्रता आन्दोलन का इतिहास खण्ड 4.
260 _bसूचना और प्रसारण मन्त्रालय, भारत सरकार.
_c1984
300 _a551
_bसाधी
365 _b45
520 _aस्थानिक वाचन.
630 _aभारतीय स्वतन्त्रता आन्दोलन का इतिहास खण्ड 4.
650 _aस्थानिक वाचन.
730 _aभारतीय स्वतन्त्रता आन्दोलन का इतिहास खण्ड 4.
942 _cBOOK
999 _c704260
_d704257